000 00617nam a2200181 i 4500
001 84655
003 ES-MaACL
005 20250531063031.0
007 t|
008 041123s1960 sp ||||1| spa d
100 1 _aJiménez de Gregorio, Fernando,
_d1911-2012
_966505
245 1 0 _aViajes de estudio del profesorado /
_cpor Fernando Giménez de Gregorio.
260 _aMadrid :
_bDirección General de Enseñanza Media,
_c1960.
300 _a27 p. ;
_c24 cm.
500 _aDel Ministerio de Educación Nacional Cuadernos didácticos.
852 _aES-MaACL
_j2027-F-10
_bR.48375
999 _c84655
_d84655